Maturita 2006 námety na maturitné zadania z geografie

Bibliographic Details
Main Author: Dragulová, Alica (Author)
Format: Software eBook
Language:Slovak
Published: Prešov Metodicko-pedagogické centrum 2006
Subjects:

MARC

LEADER 00000nam a2200000 a 4500
001 vtls008696252
003 SK-MaSNL
005 20260301045644.0
007 co cgu uuua
008 240315s2006 xo fsf 000 0 slo
015 |a SNBS2006 
020 |a 8080454051  |q (CD-ROM) 
040 |a SNK  |b slo  |c SNK  |e AACR2 
041 0 |a slo 
044 |a xo  |c SK 
044 |a xo  |c SK  |c SK 
072 7 |a 373.5/.6  |x Stredné školy  |2 konspekt 
080 |a 91  |2 2001 
080 |a 371.279.5/.6  |2 2001 
080 |a 373.54  |2 2001 
080 |a (035)  |2 2001 
080 |a (0.034.44)  |2 2001 
100 1 |a Dragulová, Alica  |4 aut  |9 19630 
245 1 0 |a Maturita 2006  |h elektronický zdroj  |b námety na maturitné zadania z geografie  |c Alica Dragulová 
256 |a Elektronické dokumenty 
260 |a Prešov  |b Metodicko-pedagogické centrum  |c 2006 
300 |a 1 elektronický optický disk (CD-ROM)  |c 12 cm 
500 |a Určené pre vzdelávacie potreby pedagogických zamestnancov škôl a školských zamestnancov východného Slovenska 
650 0 7 |a geografia  |2 SNKPH  |9 823 
650 0 7 |a maturitné skúšky  |2 SNKPH  |9 66554 
650 0 7 |a stredné školy  |2 SNKPH  |9 1279 
655 7 |a príručky  |2 SNKPH  |9 74364 
655 7 |a CD-ROM  |2 SNKPH  |9 70236 
919 |a 80-8045-405-1 
999 |c 599021  |d 600951 
952 |a SNK  |b SNK  |y PREZ  |7 0  |p 17A0506706  |o snkSCDM 929  |i snk2006/8645  |8 0  |0 0  |1 0  |4 0  |d 2006-04-27  |l 0  |r 2026-02-23 15:49:19  |w 2026-02-23